02513cam a2200349 i 450000100190000000500170001900800410003601000170007702000180009403500220011203500240013404000760015804100080023404200080024205000240025010000430027424500740031726000500039130000240044150400570046550501640052252011060068665000470179265000630183965000270190265000480192965000290197765000360200694200080204295200980205099900150214899110720974870619620250522092102.0210616s2021 enk b 000 0 eng  a 2021941206 a9781839762345 a(OCoLC)1233031231 a(OCoLC)on1233031231 aDLCbengerdacDLCdBDXdUKMGBdOCLCFdERASAdS#LdCDXdCLEdNZAUCdYDX aeng apcc00aTD887.F69bB83 2021 aBuck, Holly Jeand1981-eauthor92529110aEnding fossil fuelsb: why net zero is not enoughc/ Holly Jean Buck. aLondon ;aBrooklyn, NY :bVerso Books,c2021. a202 pages ;c20 cm. aIncludes bibliographical references (pages 185-202).0 aIntroduction: controlled demolition — The cruel optimism of "Net Zero" — Five ways of looking at fossil fuel phaseout — A phaseout toolbox for the 2020s. aAround the world, countries and companies are setting net-zero carbon emissions targets. But "net-zero" is a term that conveniently obscures multiple futures. There could be a version of net-zero where the fossil fuel industry is still spewing tens of billions of tons of CO2 into the atmosphere, and has built a corresponding industry in sucking it back out again. Holly Buck argues that focusing on emissions draws our attention away from where we need to be looking: the point of production. 0It is time to plan for the end of fossil fuel and the companies that profit from them. Fossil fuels still provide 80% of world energy and ceasing their use before there are ready alternatives brings risks of energy poverty. The fossil fuel industry provides jobs, as well as a source of revenue for some frontline communities. Conventional wisdom says that fossil fuels will be naturally priced out when cheaper, but this raises as many problems as it addresses. Ending Fossil Fuels tackles these problems seriously and also sets out a roadmap that offer opportunities for more liveable, inclusive future. 0aFossil fuelsxEnvironmental aspects925292 0aPetroleum industry and tradexEnvironmental aspects925293 0aEnergy security913699 0aEnergy policyxEnvironmental aspects923257 0aClimatic changes 914247 0aRenewable energy sources923312 2lcc 00102lcc4070aTBSbTBSd2025-05-22l0oTD887.F69 BUCpB05846r2025-05-22t1w2025-05-22y1 c4692d4692